000 nam a22 a 4500
999 _c187515
_d187515
003 BLK
005 20221202164212.0
008 180411b bul|||||r ||||||| ||bul||
040 _aBLK
041 _aBUL
_cBUL
080 _aРумънска литература
_b821.135.1
_x-32
_z821.135.1-32
100 1 _aСадовяну, Михаил
_eпърви автор
_9118425
139 _aСадовяну, Михаил
245 1 0 _aИзбрани творби
_bВ 3 т. -
_cМихаил Садовяну; прев. от рум. Спаска Милева Кануркова; с предг. от Константин Чопрага.
_nТ. 1
_pПовести и разкази
257 _aROM
260 _aСофия
_bНар. култура
_c1980 -
300 _c21 см
380 _aX
700 1 _aКануркова, Спаска Милева
_eпрев. от рум.
_9372486
700 1 _aЧопрага, Константин
_eс предг. от
_9142221
760 1 _aСадовяну, Михаил
_dСофия, 1980
_h511 с., 1 л. портр.
_nДруги прев. : В. Лалошева, С. Кануркова, В. Георгиева, М. Орлинова, Д. Ангелов и И. Тодоров. - Прев. е направен от Opere vol. 1-15. Bucuresti, 1953-1958.
_oТ. 1 Повести и разкази
_tИзбрани творби
852 _aЦб 102885
_bЦб
942 _cKNG
_n0
_s1
944 _aCR
_c18.11.2016
_kНаталия_Любомирова
944 _aED
_c2022-12-02